Aspekte der familiären Verarbeitung von hochgradiger Hörschädigung bei Kindern - eine empirische Studie

Výskum diagnózy straty sluchu u detí a vplyv tejto diagnózy na ich rodinu.

Bibliographic Details
Main Authors: Fellinger, J. (Author), Holzinger, D. (Author), Mally, B. (Author)
Format: Article
Language:German
Subjects:

MARC

LEADER 00000nab a2200000 a 4500
001 vtls001503008
003 SK-MaSNL
005 20260304215253.0
008 050227u1997 xo u 0 0b0ger
035 |a SPKCL5335 
040 |a SPKCL  |b slo  |c SNKBUCL  |d PdF UK(EN)  |e AACR2 
041 0 |a ger 
044 |a xo  |c SK 
080 |a 376.353  |2 1981 
100 1 |a Fellinger, J.  |4 aut  |9 1549826 
245 1 0 |a Aspekte der familiären Verarbeitung von hochgradiger Hörschädigung bei Kindern - eine empirische Studie  |c J. Fellinger; D. Holzinger, B. Mally 
520 |a Výskum diagnózy straty sluchu u detí a vplyv tejto diagnózy na ich rodinu. 
650 0 7 |a poruchy sluchu  |2 SNKPH  |9 1157 
650 0 7 |a sluchovo postihnuté deti  |2 SNKPH  |9 1077 
650 0 7 |a rodina  |2 SNKPH  |9 4138 
700 1 1 |a Holzinger, D.  |4 aut  |9 607997 
700 1 1 |a Mally, B.  |4 aut  |9 1549827 
773 1 |t Sprache-Stimme-Gehör : Zeitschrift für Kommunikationsstörungen  |g Roč. 21, č. 2 (1997) s. 60-63 
850 |a Slovenská pedagogická knižnica Bratislava 
852 |a SPKCL  |b KIS3GCP  |b 000710000  |n SK 
999 |c 3145608  |d 3147538